Analytic methods in geomechanics (Record no. 554362)

000 -LEADER
fixed length control field 01269cam a2200193 a 4500
020 ## - INTERNATIONAL STANDARD BOOK NUMBER
International Standard Book Number 9781466555853 (pbk.)
082 00 - DEWEY DECIMAL CLASSIFICATION NUMBER
Classification number 624.1513
Author Mark CHA
-- N-02,P-100
100 1# - MAIN ENTRY--PERSONAL NAME
Personal name Chau, Kam-Tim,
9 (RLIN) 51816
245 10 - TITLE STATEMENT
Title Analytic methods in geomechanics
Statement of responsibility, etc. Kam-tim Chau.
260 ## - PUBLICATION, DISTRIBUTION, ETC.
Place of publication, distribution, etc. Boca Raton, FL :
Name of publisher, distributor, etc. Taylor & Francis,
Date of publication, distribution, etc. 2012.
300 ## - PHYSICAL DESCRIPTION
Extent xx, 437 p. :
Other physical details ill. ;
Dimensions 24 cm.
520 ## - SUMMARY, ETC.
Summary, etc. "Bringing together a range of areas including tensor analysis, elasticity, plasticity, fracture mechanics and viscoelasticity, among others, this book is an indispensible guide to the fundamentals of geomechanics. It provides explanations of each subject area, using a step-by-step process with numerous worked examples. The more advanced material, such as 2-D elasticity and application of J-integral to model slipping slopes then supplies a gateway into understanding the latest research results and applying them to practical problems. The book is suitable for undergraduate and graduate students as well as professionals and researchers"--
526 ## - STUDY PROGRAM INFORMATION NOTE
Program name 0
Interest level 0
Reading level 0
Title point value 624_151300000000000_CHA
650 #0 - SUBJECT ADDED ENTRY--TOPICAL TERM
Topical term or geographic name entry element Rock mechanics.
9 (RLIN) 23489
650 #0 - SUBJECT ADDED ENTRY--TOPICAL TERM
Topical term or geographic name entry element Soil mechanics.
650 #7 - SUBJECT ADDED ENTRY--TOPICAL TERM
Topical term or geographic name entry element SCIENCE / Earth Sciences / General
9 (RLIN) 2227
650 #7 - SUBJECT ADDED ENTRY--TOPICAL TERM
Topical term or geographic name entry element TECHNOLOGY & ENGINEERING / Civil / General
9 (RLIN) 6298
942 ## - ADDED ENTRY ELEMENTS (KOHA)
Source of classification or shelving scheme
Koha item type Book
Holdings
Withdrawn status Lost status Source of classification or shelving scheme Damaged status Not for loan Permanent Location Current Location Date acquired Total Checkouts Full call number Barcode Date last seen Price effective from Koha item type
          Military College of Engineering (MCE) Military College of Engineering (MCE) 06/24/2020   624.1513 CHA MCE-51466 06/24/2020 06/24/2020 Book
© 2023 Central Library, National University of Sciences and Technology. All Rights Reserved.